000 00388 a2200145 4500
999 _c4831
_d4831
020 _a9780452264465
050 _aPS3563 MOR 1988
100 _aMorrison, Toni
_eauthor
245 _aBeloved :
_ba novel
_cToni Morrison
264 _aNew York, NY :
_bNAL,
_c 1988
300 _a275 pg . :
500 _anovel
650 _afAfrican American women authors.
942 _2lcc
_cBK
_h3563
_iMOR
_kPS